[Event "Stay Safe Play From Home 220"]
[Site "T#646737Emanuel Laske"]
[Date "2020.06.12"]
[Round "6"]
[White "Grizzzly"]
[Black "Greblah"]
[Result "0-1"]
[WhiteElo "1781"]
[BlackElo "1934"]
[Annotator "TA"]
[PlyCount "138"]
[EventDate "2020.06.12"]
[EventType "swiss (blitz)"]

{[%evp 15,138,29,26,28,26,34,25,10,21,17,20,3,6,-9,69,75,53,50,83,74,90,76,86,0,10,8,16,0,10,0,0,0,0,-637,47,20,127,124,126,66,166,152,240,236,227,185,247,253,244,141,202,184,180,198,176,194,300,273,257,116,258,222,222,222,222,107,101,97,99,107,107,114,133,128,241,137,137,-29997,12,0,0,0,0,0,102,0,0,0,0,0,0,0,123,0,0,-1592,104,-29988,56,0,0,0,0,0,0,-5165,29975,0,0,0,0,-282,-282,-275,-275,-260,-260,-245,-231,-224,-209,-202,0,-29988,-29987]} 1. d4 c6 2. c4 d5 3. Nc3 e5 4. dxe5 d4 5. Ne4 Qa5+ 6. Bd2 Qxe5 7. Ng3 c5 8. Nf3 Qc7 9. e3 {D10: Slav Defence: 3 cxd5 (without early Nf3) and 3 Nc3.} dxe3 $1 10. Bxe3 Nf6 11. Be2 {White has an edge.} Be7 12. O-O O-O {[#]} 13. Bd3 $146 ({Predecessor:} 13. Qc2 Nc6 14. Rad1 b6 15. Nf5 Bb7 16. Bg5 Ng4 17. Nxe7+ Nxe7 18. h3 Bxf3 19. hxg4 Bxe2 20. Qxe2 {½-½ (58) Koczo,K (2000)-Harsanyi,K (2000) Budapest 2001}) 13... Nc6 14. a3 Ne5 (14... Rd8 $11) 15. Nxe5 $1 $14 Qxe5 16. Qc2 h6 17. Rad1 Be6 18. Rfe1 Qc7 19. Ne4 (19. Bd2 $16) 19... Nxe4 20. Bxe4 Bf6 21. Bd5 Rfe8 22. b3 Bxd5 23. Rxd5 Rad8 24. Rxc5 $2 {[%mdl 8192] [#]} (24. Rxd8 $11 Rxd8 25. h3) 24... Qd6 $2 ({Black should play} 24... Qxc5 $1 $19 {[%mdl 512]} 25. b4 (25. Bxc5 Rxe1#) 25... Qd4 $1 {[%mdl 576] Back Rank}) 25. Rd5 Qe6 (25... Qxa3 $11 {keeps the balance.} 26. Red1 Rxd5 27. cxd5 Rd8) 26. Red1 $16 Rxd5 27. Rxd5 (27. cxd5 $16 Qd7 28. g3 (28. Bxa7 Qxd5 29. Be3 Qa5 $16)) 27... Qg4 (27... Bg5 $14 28. Rd3 Qg6) 28. Qd3 $18 Bg5 (28... Qg6 $16 {might work better.} 29. Qxg6 fxg6) 29. h3 Qe6 {[%cal Rg5e3]} 30. Bxg5 Qe1+ (30... hxg5 $142 31. Qd4 (31. Rxg5 Qe1+ 32. Qf1 Qc3 $18) 31... Qg6) 31. Kh2 hxg5 {[%mdl 4096] Endgame KQR-KQR} 32. Rd8 (32. Qd4 $18) 32... Qe5+ (32... Rxd8 $16 33. Qxd8+ {[%mdl 64] Double Attack} Kh7 34. Qxg5 Qxf2 35. Qh5+ Kg8) 33. g3 {Threatens to win with Qd5.} Rxd8 34. Qxd8+ {KQ-KQ} Kh7 35. Qd3+ g6 (35... Kh6 $142 36. Qf3 Qe7) 36. Qe3 Qb2 37. Kg2 (37. Qxa7 $6 Qxb3 38. Kg2 Kh6 $16) (37. b4 $18 {and the rest is easy.}) 37... Kg7 (37... Qxa3 $16 38. Qe8 Kg7) 38. Qxg5 (38. Qxa7 $6 Qxb3 39. Qd4+ Kg8 $16) 38... Qxa3 39. Qe5+ Kh7 40. Qf6 (40. Qc7 $18 {has better winning chances.} Qxb3 41. Qxf7+ Kh6 42. Qf4+ Kh7 43. Qc7+ Kh6 {[#]} 44. Qb8 $1 {[%mdl 512]}) 40... Kg8 $16 41. Qd8+ Kg7 42. Qd4+ Kg8 43. Qe3 Kg7 44. h4 Qd6 (44... b6 $16 {was called for.} 45. g4 Qd6) 45. h5 (45. Qxa7 $18 b6 46. Qa1+ Kg8 47. Qa8+ Kg7 48. Qa1+ Kg8 49. Qa8+ Kg7 50. Qa1+) 45... Qc6+ 46. Kh3 $2 {[%mdl 8192]} (46. Kh2 $16) 46... gxh5 $2 (46... Qh1+ 47. Kg4 Qxh5+ 48. Kf4 Qf5#) 47. Qg5+ Kf8 $1 {[%cal Rc6h1]} 48. Qd8+ Kg7 $1 {[%cal Rc6h1]} 49. Qg5+ Qg6 (49... Kf8 $1 $11 50. Qxh5 Qh1+ 51. Kg4 Qd1+ 52. Kg5 Qd8+ 53. Kf4 Qd4+ 54. Kg5 Qd8+ 55. Kg4 Qd1+ 56. Kh4 Qxb3) 50. Qd8 (50. Kh4 $16) 50... Qf6 $11 51. Qd2 Qf5+ 52. Kh2 Qg4 53. Qe3 Qg6 (53... a6 $11) 54. Qe5+ (54. Qxa7 $16 Qe4 55. Qb6) 54... Qf6 55. Qf4 $2 {[%mdl 8192]} (55. Qc5 $11) 55... Qg6 $2 (55... Qxf4 $19 56. gxf4 Kg6) 56. Qg4 $2 {[%mdl 8192]} (56. Qd4+ $16 Qf6 57. Qxa7) 56... Kh7 $2 (56... hxg4 57. Kg2 Qd3 58. c5 Qxb3 59. Kh2 Qf3 60. Kg1 Qd1+ 61. Kg2 f5 62. Kh2 Qf1 63. c6 bxc6 64. f4 gxf3 65. g4 Qg2#) 57. Qxg6+ (57. Qd7 $14) 57... Kxg6 $14 {KP-KP} 58. Kh3 Kf6 59. Kh4 Ke5 60. g4 $2 {[%mdl 8192]} (60. Kxh5 $11 Kd4 61. Kh6) 60... Kd4 $4 {[%mdl 8192]} (60... hxg4 $19 61. c5 Kd4 62. Kxg4 a5) 61. Kxh5 $2 (61. gxh5 {mates} Ke5 62. Kg5 a5 63. h6 Kd4 64. h7 f6+ 65. Kxf6 Kd3 66. h8=Q) 61... Kc3 $11 62. Kh6 Kxb3 {K3P-K3P} 63. Kh7 $2 {[%mdl 8192]} (63. g5 $11 {and White is okay.}) 63... a5 $19 (63... Kxc4 64. Kg7 $11) 64. Kg7 a4 (64... Kxc4 65. Kxf7 a4 66. g5 $11) 65. Kxf7 a3 ({Worse is} 65... Kxc4 66. g5 $11) 66. g5 a2 ({And not} 66... Kxc4 67. g6 $11) 67. g6 a1=Q ({Weaker is} 67... Kxc4 68. g7 $11) 68. g7 Qe5 $2 ({Better is} 68... b5 $19 {Hoping for ...Qa7+.} 69. g8=Q Qa7+ 70. Kg6 Qb6+ 71. Kh5 bxc4) 69. Kg8 $2 {[%mdl 8192]} (69. g8=Q $11) 69... Qf5 {Accuracy: White = 58%, Black = 52%.} 0-1

[Event "Stay Safe Play From Home 220"]
[Site "T#646737Emanuel Laske"]
[Date "2020.06.12"]
[Round "6"]
[White "Haris kollari 13"]
[Black "Justwatch"]
[Result "0-1"]
[WhiteElo "1770"]
[BlackElo "1845"]
[Annotator "NA RC"]
[PlyCount "82"]
[EventDate "2020.06.12"]
[EventType "swiss (blitz)"]

1. d4 {[%emt 0:00:01]} Nf6 {[%emt 0:00:00]} 2. c4 {[%emt 0:00:01]} g6 {[%emt 0:00:00]} 3. Nc3 {[%emt 0:00:01]} Bg7 {[%emt 0:00:00]} 4. e4 {[%emt 0:00:01]} O-O {[%emt 0:00:00]} 5. f3 {[%emt 0:00:01]} d6 {[%emt 0:00:00]} 6. Be3 {[%emt 0:00:01]} c6 {[%emt 0:00:00]} 7. Bd3 {[%emt 0:00:01]} Nbd7 {[%emt 0:00:00]} 8. Qd2 {[%emt 0:00:01]} Nb6 {[%emt 0:00:01]} 9. b3 {[%emt 0:00:02]} e6 {[%emt 0:00:01]} 10. g4 {[%emt 0:00:02]} d5 {[%emt 0:00:01]} 11. e5 {[%emt 0:00:05]} Ne8 {[%emt 0:00:01]} 12. c5 {[%emt 0:00:01]} Nd7 {[%emt 0:00:01]} 13. h4 {[%emt 0:00:01]} b6 {[%emt 0:00:01]} 14. b4 {[%emt 0:00:02]} bxc5 {[%emt 0:00:00]} 15. bxc5 {[%emt 0:00:01]} a5 {[%emt 0:00:00]} 16. h5 {[%emt 0:00:01]} Ba6 {[%emt 0:00:01]} 17. Bxa6 {[%emt 0:00:01]} Rxa6 {[%emt 0:00:01]} 18. Bh6 {[%emt 0:00:01]} f5 {[%emt 0:00:03]} 19. hxg6 {[%emt 0:00:03]} hxg6 {[%emt 0:00:01]} 20. Bxg7 {[%emt 0:00:01]} Kxg7 {[%emt 0:00:00]} 21. Qh6+ {[%emt 0:00:01]} Kf7 {[%emt 0:00:00]} 22. Qh7+ {[%emt 0:00:05]} Ng7 {[%emt 0:00:01]} 23. gxf5 {[%emt 0:00:01]} exf5 {[%emt 0:00:01]} 24. e6+ {[%emt 0:00:02]} Kxe6 {[%emt 0:00:04]} 25. Qxg7 {[%emt 0:00:01]} Nf6 {[%emt 0:00:04]} 26. O-O-O {[%emt 0:00:03]} Qe7 {[%emt 0:00:05]} 27. Re1+ {[%emt 0:00:01]} Ne4 {[%emt 0:00:01]} 28. Qxe7+ {[%emt 0:00:01]} Kxe7 {[%emt 0:00:01]} 29. fxe4 {[%emt 0:00:00]} fxe4 {[%emt 0:00:00]} 30. Rh7+ {[%emt 0:00:01]} Kf6 {[%emt 0:00:01]} 31. Rf1+ {[%emt 0:00:02]} Kg5 {[%emt 0:00:01]} 32. Rxf8 {[%emt 0:00:04]} a4 {[%emt 0:00:03]} 33. Nh3+ {[%emt 0:00:00]} Kg4 {[%emt 0:00:01]} 34. Rf4+ {[%emt 0:00:02]} Kg3 {[%emt 0:00:06]} 35. Ne2+ {[%emt 0:00:00]} Kg2 {[%emt 0:00:02]} 36. Ng5 {[%emt 0:00:01]} Ra8 {[%emt 0:00:02]} 37. Ne6 {[%emt 0:00:01]} Rb8 {[%emt 0:00:03]} 38. Rhf7 {[%emt 0:00:01]} Rb1+ {[%emt 0:00:00]} 39. Kxb1 {[%emt 0:00:02]} a3 {[%emt 0:00:00]} 40. Rf2+ {[%emt 0:00:01]} Kh3 {[%emt 0:00:01]} 41. Rh7+ {[%emt 0:00:01]} Kg4 {[%emt 0:00:00] Time (Lag: Av=0.41s, max=0.9s)} 0-1

[Event "Stay Safe Play From Home 220"]
[Site "T#646737Emanuel Laske"]
[Date "2020.06.12"]
[Round "6"]
[White "Klasman"]
[Black "Trotsky"]
[Result "0-1"]
[WhiteElo "1306"]
[BlackElo "1622"]
[Annotator "NA RC"]
[PlyCount "40"]
[EventDate "2020.06.12"]
[EventType "swiss (blitz)"]

1. f4 {[%emt 0:00:03]} d5 {[%emt 0:00:01]} 2. e3 {[%emt 0:00:01]} e6 {[%emt 0:00:00]} 3. Nf3 {[%emt 0:00:01]} c6 {[%emt 0:00:00]} 4. c4 {[%emt 0:00:01]} c5 {[%emt 0:00:01]} 5. d4 {[%emt 0:00:03]} Nc6 {[%emt 0:00:01]} 6. cxd5 {[%emt 0:00:01]} exd5 {[%emt 0:00:01]} 7. Nc3 {[%emt 0:00:02]} Nf6 {[%emt 0:00:02]} 8. Bb5 {[%emt 0:00:04]} Qc7 {[%emt 0:00:02]} 9. Ne5 {[%emt 0:00:02]} c4 {[%emt 0:00:02]} 10. O-O {[%emt 0:00:07]} Bd6 {[%emt 0:00:01]} 11. Bxc6+ {[%emt 0:00:08]} bxc6 {[%emt 0:00:01]} 12. Qa4 {[%emt 0:00:02]} Bb7 {[%emt 0:00:03]} 13. Bd2 {[%emt 0:00:05]} h5 {[%emt 0:00:01]} 14. Be1 {[%emt 0:00:01]} g5 {[%emt 0:00:01]} 15. fxg5 {[%emt 0:00:02]} Bxe5 {[%emt 0:00:01]} 16. dxe5 {[%emt 0:00:03]} Ng4 {[%emt 0:00:01]} 17. Nxd5 {[%emt 0:00:03]} Qxe5 {[%emt 0:00:01]} 18. Nf4 {[%emt 0:00:06]} Qxe3+ {[%emt 0:00:04]} 19. Bf2 {[%emt 0:00:01]} Qe5 {[%emt 0:00:02]} 20. Rae1 {[%emt 0:00:03]} O-O-O {[%emt 0:00:06] Time (Lag: Av=0.29s, max=0.4s) .} 0-1

[Event "Stay Safe Play From Home 220"]
[Site "T#646737Emanuel Laske"]
[Date "2020.06.12"]
[Round "7"]
[White "Mepe_Nika"]
[Black "Fischer_11"]
[Result "1-0"]
[WhiteElo "2396"]
[BlackElo "2056"]
[Annotator "NA RC"]
[PlyCount "83"]
[EventDate "2020.06.12"]
[EventType "swiss (blitz)"]

1. b3 {[%emt 0:00:01]} Nf6 {[%emt 0:00:00]} 2. Bb2 {[%emt 0:00:01]} e6 {[%emt 0:00:00]} 3. Bxf6 {[%emt 0:00:02]} Qxf6 {[%emt 0:00:02]} 4. Nc3 {[%emt 0:00:00]} d5 {[%emt 0:00:00]} 5. Nf3 {[%emt 0:00:01]} h6 {[%emt 0:00:01]} 6. g3 {[%emt 0:00:01]} c5 {[%emt 0:00:00]} 7. Bg2 {[%emt 0:00:00]} Nc6 {[%emt 0:00:00]} 8. O-O {[%emt 0:00:00]} Bd6 {[%emt 0:00:00]} 9. e4 {[%emt 0:00:01]} O-O {[%emt 0:00:01]} 10. exd5 {[%emt 0:00:03]} exd5 {[%emt 0:00:01]} 11. Nxd5 {[%emt 0:00:00]} Qf5 {[%emt 0:00:03]} 12. c4 {[%emt 0:00:01]} Be6 {[%emt 0:00:02]} 13. Nh4 {[%emt 0:00:01]} Qg5 {[%emt 0:00:02]} 14. Re1 {[%emt 0:00:03]} Rfe8 {[%emt 0:00:02]} 15. f4 {[%emt 0:00:02]} Qg4 {[%emt 0:00:06]} 16. Qxg4 {[%emt 0:00:01]} Bxg4 {[%emt 0:00:01]} 17. h3 {[%emt 0:00:00]} Be6 {[%emt 0:00:03]} 18. f5 {[%emt 0:00:01]} Bxd5 {[%emt 0:00:01]} 19. Bxd5 {[%emt 0:00:01]} Nd4 {[%emt 0:00:05]} 20. Kg2 {[%emt 0:00:03]} Rxe1 {[%emt 0:00:04]} 21. Rxe1 {[%emt 0:00:01]} Rb8 {[%emt 0:00:00]} 22. Ng6 {[%emt 0:00:02]} Nxf5 {[%emt 0:00:04]} 23. Ne5 {[%emt 0:00:02]} Re8 {[%emt 0:00:04]} 24. Bxf7+ {[%emt 0:00:02]} Kf8 {[%emt 0:00:02]} 25. Bxe8 {[%emt 0:00:00]} Kxe8 {[%emt 0:00:02]} 26. Nc6+ {[%emt 0:00:04]} Kd7 {[%emt 0:00:01]} 27. Nxa7 {[%emt 0:00:00]} Nd4 {[%emt 0:00:01]} 28. Nb5 {[%emt 0:00:01]} Nxb5 {[%emt 0:00:01]} 29. cxb5 {[%emt 0:00:00]} b6 {[%emt 0:00:01]} 30. a4 {[%emt 0:00:01]} Be5 {[%emt 0:00:01]} 31. Rxe5 {[%emt 0:00:01]} Kd6 {[%emt 0:00:00]} 32. Re8 {[%emt 0:00:01]} g6 {[%emt 0:00:00]} 33. Rg8 {[%emt 0:00:01]} Kd5 {[%emt 0:00:00]} 34. Rxg6 {[%emt 0:00:01]} Kd4 {[%emt 0:00:00]} 35. Rxb6 {[%emt 0:00:00]} Kd3 {[%emt 0:00:00]} 36. Rc6 {[%emt 0:00:00]} Kxd2 {[%emt 0:00:00]} 37. b6 {[%emt 0:00:00]} Kc3 {[%emt 0:00:00]} 38. b7 {[%emt 0:00:00]} Kxb3 {[%emt 0:00:00]} 39. b8=Q+ {[%emt 0:00:00]} Kxa4 {[%emt 0:00:00]} 40. Rxc5 {[%emt 0:00:01]} Ka3 {[%emt 0:00:01]} 41. Rc7 {[%emt 0:00:00]} h5 {[%emt 0:00:01]} 42. Ra7# {[%emt 0:00:00] (Lag: Av=0.32s, max=0.5s)} 1-0

[Event "Stay Safe Play From Home 220"]
[Site "T#646737Emanuel Laske"]
[Date "2020.06.12"]
[Round "7"]
[White "Lamborghini"]
[Black "Little champs"]
[Result "1-0"]
[WhiteElo "2236"]
[BlackElo "2210"]
[Annotator "TA"]
[PlyCount "125"]
[EventDate "2020.06.12"]
[EventType "swiss (blitz)"]

{[%evp 9,124,21,38,25,26,10,0,-41,-19,-23,44,0,0,0,39,4,0,-8,66,66,73,50,98,41,95,103,108,83,169,40,54,53,74,70,79,32,43,15,20,14,101,101,104,104,108,30,87,86,77,75,185,187,182,153,161,160,147,155,231,240,162,177,130,92,79,0,52,52,118,117,116,117,109,8,8,8,52,52,52,52,59,52,29979,29980,29984,29985,29984,29985,29985,29986,29988,29989,29989,29990,29991,29990,29990,29991,29991,29992,29994,29993,29996,29993,29995,29994,29996,29996,29996,29996,29996,29996,29996,29997,29998,29999,29999]} 1. e4 c6 2. d3 d5 3. Nd2 dxe4 4. dxe4 Nf6 5. Ngf3 g6 6. e5 {B10: Caro-Kann: 2 d3 and 2 c4.} Nd5 {[#]} 7. h3 $146 ({Predecessor:} 7. c4 Nf4 8. Qb3 Nd7 9. Ne4 Ne6 10. Be3 Qa5+ 11. Bd2 Qc7 12. Bc3 Bg7 13. O-O-O Nxe5 14. Nxe5 Bxe5 15. g3 O-O 16. h4 c5 17. Rd5 Nd4 {½-½ (17) Maksimovic,B (2343)-Maksimovic,B (2220) Banja Vrujci 2017}) 7... Bg7 8. g3 {The position is equal.} O-O (8... Bf5 $5 {[%cal Rd5b4]} 9. g4 Be6 $11) 9. Bg2 f6 (9... Bf5 $11 10. Nb3 Nd7) 10. exf6 exf6 11. O-O f5 12. Nc4 Na6 13. a3 Nac7 ({Better is} 13... f4 $11) 14. Bg5 $14 Bf6 15. Bh6 Bg7 16. Qd2 ({White should play} 16. Bxg7 $16 Kxg7 17. Qd4+ Qf6 18. Rfe1) 16... Bxh6 (16... Nb6 $14 17. Bxg7 Qxd2 18. Nfxd2 Kxg7) 17. Qxh6 $16 Qf6 18. Rad1 Be6 (18... Qg7 $16 {was called for.} 19. Qxg7+ Kxg7) 19. Nce5 (19. Rfe1 $18) 19... Rae8 20. Rfe1 Bc8 21. h4 (21. c4 {is more complex.} Nb6 22. Qd2 Re7 23. Qa5 Na6 24. h4) 21... Qg7 22. Qxg7+ $40 {[%mdl 128] White is up to no good.} Kxg7 23. c4 Nf6 24. c5 Ncd5 (24... Ne4 $11 {keeps the balance.}) 25. Nc4 Rxe1+ 26. Rxe1 Re8 27. Rd1 (27. Nd6 $16 Rxe1+ 28. Nxe1) 27... Be6 (27... Bd7 $1 $11) 28. Nd6 Re7 29. Re1 Bg8 (29... b6 $16) 30. Rxe7+ $18 Nxe7 31. Ne5 b6 32. cxb6 ({Don't take} 32. Nxc6 $6 Nxc6 33. Bxc6 bxc5 $14) 32... axb6 33. Nxc6 Nxc6 (33... Ned5 $16 34. Kf1 Nc7) 34. Bxc6 Bd5 35. Bxd5 Nxd5 {[%mdl 4096] Endgame KN-KN} 36. b4 Kf6 37. a4 (37. Nb5 $16) 37... Ke5 (37... Nxb4 $11 38. Nc4 Nd5) 38. Nc8 $14 Kd4 {[#]} (38... Ke6 $14) 39. a5 $1 $16 bxa5 40. bxa5 Kc5 41. Kg2 (41. a6 $16) 41... Kb5 $11 42. Nb6 Nxb6 (42... Nf6 {looks sharper.} 43. Kf3 Kxa5 44. Nc8 Kb5 45. Kf4 Kc6) 43. axb6 Kxb6 {K3P-K3P} 44. Kf3 Kc6 45. Kf4 h6 $2 {[%mdl 8192] [#] Loses the game.} (45... Kd5 $14 46. h5 Ke6) 46. h5 $1 {[%mdl 512] White mates.} g5+ (46... gxh5 47. Kxf5) 47. Kxf5 {K3P-KPP} Kd5 48. Kg6 Ke4 49. Kxh6 {KP-KP} g4 50. Kg5 Kf3 51. h6 Kxf2 52. Kxg4 Ke3 53. h7 Ke4 54. h8=Q Ke3 55. Qf6 Ke2 56. Kf5 Ke3 57. Qe5+ Kf3 58. g4 Kg2 59. g5 Kh3 60. g6 Kg2 61. g7 Kh3 62. g8=Q {[%cal Re5h8]} Kh4 63. Qeh8# {Accuracy: White = 65%, Black = 51%.} 1-0

[Event "Stay Safe Play From Home 220"]
[Site "T#646737Emanuel Laske"]
[Date "2020.06.12"]
[Round "7"]
[White "Haxhi Baha"]
[Black "Lazieri3"]
[Result "0-1"]
[WhiteElo "1972"]
[BlackElo "1956"]
[Annotator "TA"]
[PlyCount "70"]
[EventDate "2020.06.12"]
[EventType "swiss (blitz)"]

{[%evp 9,70,9,18,-2,0,-1,-5,-22,-25,-32,23,-22,84,20,65,12,8,16,15,-2,9,21,0,-56,39,26,68,0,29,-13,341,354,477,477,645,633,834,800,2383,2311,2009,1791,1751,1744,1738,1674,1995,1876,29996,29997,29999,29990,29990,29991,29991,29992,29994,29993,29993,29992,29993,29994,29994]} 1. e4 c6 2. Nc3 d5 3. Nf3 dxe4 4. Nxe4 Nf6 5. Nc3 Bg4 6. Bc4 {B11: Caro-Kann: Two Knights Variation.} e6 7. h3 Bh5 {[#]} 8. g4 $146 {The position is equal.} ({Predecessor:} 8. d3 Nbd7 9. Bf4 Bb4 10. a3 Be7 11. g4 Bg6 12. Qe2 Nb6 13. Bb3 Nfd5 14. Be5 {1-0 (59) Vibbert,S (2316)-Mills,J (2097) Chicago 2017}) 8... Bg6 9. d3 h6 (9... Bd6 $15) 10. Qe2 {White wants to play Ne5.} Nd5 {[#]} (10... Nbd7 $11 {keeps the balance.}) 11. Bd2 (11. Ne5 $1 $16) 11... Be7 12. Ne5 (12. h4 $1 $14) 12... Bh7 $1 $11 13. O-O-O Nd7 14. h4 Nxe5 15. Qxe5 {Hoping for Nxd5.} Bf6 16. Qe2 ({White should try} 16. Qe1 $11) 16... Bxh4 (16... Nxc3 $1 $15 17. Bxc3 Bxc3 18. bxc3 Qd6) 17. f4 Be7 {[#]} 18. Ne4 (18. f5 $1 $14 {[%mdl 512]}) 18... Qb6 19. g5 Bxe4 $4 {[%mdl 8192] Black cannot hold the game after this.} (19... O-O-O $11 {and Black has nothing to worry.}) 20. dxe4 $18 Nb4 {[#]} 21. g6 $1 {[%mdl 512]} fxg6 {Black hopes to continue with ...0-0-0.} 22. Bxe6 c5 23. Qg4 g5 24. Qh5+ Kd8 25. Bxb4+ Kc7 26. Rd7+ {[%mdl 64] Double Attack} Kb8 27. Bc3 Bd6 {[#]} 28. Rxd6 $1 Qb5 {[#]} (28... Qxd6 29. Be5) 29. Be5 $1 {[%cal Rd6d8] White mates.} a6 30. Rb6+ Ka7 31. Rxb5 axb5 {[#]} 32. Qf7 $1 Rhf8 {[#]} 33. Qe7 $1 Rfc8 34. Bd6 Rc6 35. Bxc5+ Ka6 {[%mdl 32768] Accuracy: White = 67%, Black = 31%. . Sensor Board Error (Ke4/e5)?} 0-1

[Event "Stay Safe Play From Home 220"]
[Site "T#646737Emanuel Laske"]
[Date "2020.06.12"]
[Round "7"]
[White "Greblah"]
[Black "Toosieslide"]
[Result "0-1"]
[WhiteElo "1944"]
[BlackElo "2287"]
[Annotator "TA"]
[PlyCount "132"]
[EventDate "2020.06.12"]
[EventType "swiss (blitz)"]

{[%evp 14,132,18,8,35,43,49,35,214,-8,0,0,0,-74,39,-142,122,128,123,117,184,140,173,171,176,166,208,164,155,143,161,41,64,33,44,-15,304,295,271,-15,1,5,8,0,96,85,100,-339,-339,-278,-76,-77,-97,-83,-93,-214,0,0,0,0,209,-13,-8,-21,-21,-30,-30,-130,-3,-552,-537,-529,-535,-541,-525,-924,-942,-814,-891,-642,-337,-4602,-4376,-29983,-1031,-4610,-4350,-4890,-1772,-29960,-5341,-29991,-29969,-29972,-29974,-29971,-6115,-29972,-29976,-29992,-29993,-29993,-29994,-29994,-29994,-29999,-29993,-29993,-29994,-29994,-29995,-29995,-29995,-29996,-29997,-29997,-29998,-29998,-29997,-29997,-5030]} 1. e4 e5 2. Nf3 Nc6 3. Bb5 a6 4. Ba4 Nf6 5. Qe2 b5 6. Bb3 Be7 7. c3 d6 8. a4 {[#]} Be6 $146 {C77: Ruy Lopez: 3...a6 4 Ba4 Nf6, unusual lines.} ({Predecessor:} 8... Rb8 9. h3 O-O 10. O-O b4 11. Bc2 Re8 12. a5 Rb5 13. Ba4 Rxa5 14. cxb4 Nxb4 15. Qc4 c5 16. Bxe8 {0-1 (32) Bortnyk,O (2570)-Postny,E (2606) Kishinev 2017}) 9. Bxe6 fxe6 10. Ng5 Kd7 $2 (10... Qc8 $1 $14) 11. axb5 $2 (11. Nf7 $18 Qg8 12. Nxh8) 11... axb5 $11 12. Rxa8 Qxa8 13. Qxb5 (13. O-O $11 {remains equal.}) 13... Qa1 (13... Rb8 $17 14. Qc4 Qa1) 14. Qb3 $2 (14. Qd3 $1 $14 {was forced to keep a grip.}) 14... Nd8 $2 {[%mdl 8192]} (14... Qxb1 $17 {and life is bright.} 15. Qxe6+ Ke8 16. Qf7+ Kd8) 15. Qc2 $1 $16 h6 16. Nf3 Rf8 (16... Qa6 $16 {was necessary.}) 17. O-O Qa8 18. Re1 g5 19. d4 exd4 20. Nxd4 Ng4 21. f3 Ne5 22. Nd2 (22. Rd1 $18) 22... c5 $14 23. Ne2 Ndc6 24. Ng3 (24. Nf1 $14) 24... g4 $2 {[%mdl 8192] [#]} (24... Qa2 $11 {and Black stays safe.}) 25. f4 $1 $18 {[%mdl 512]} Rxf4 {[#]} 26. Ndf1 $2 ({White must play} 26. Nc4 $1 $18 {[%cal Rc4b6][%mdl 512] Nb6+ is the strong threat.} Nxc4 27. Bxf4) 26... Rf8 27. Bxh6 Rh8 $36 {[%mdl 2048] Black has good play.} 28. Bf4 Qf8 (28... Rf8 $11 {keeps the balance.} 29. Bxe5 Nxe5) 29. Bxe5 $1 $16 Nxe5 30. Qf2 $2 {[%mdl 8192]} (30. Qa4+ $16 Nc6 31. Ne3) 30... Qxf2+ $19 31. Kxf2 Rb8 $2 (31... Nd3+ $19 {has better winning chances.} 32. Ke2 Nxe1 33. Kxe1 Bg5) 32. Re2 $17 Nd3+ 33. Kg1 Nxb2 34. e5 {[#]} (34. Ne3 $17 {was worth a try.}) 34... Nc4 $2 (34... d5 $1 $19 {aiming for ...Rb3.} 35. Ne3 c4 36. Nxg4 Bc5+ 37. Kf1 Nd3) 35. exd6 $11 Bxd6 (35... Kxd6 {feels hotter.} 36. Re4 Kd5 37. Rxg4 Rb1 38. h4 Ne3) 36. Ne4 Rb3 $2 (36... Kc6 $11) 37. Nxd6 $2 ({White has to play} 37. Nfd2 $18 Rb2 38. Nxc4 Rxe2 39. Nexd6 (39. Ncxd6 Ra2 $18)) 37... Nxd6 $18 {[%mdl 4096] Endgame KRN-KRN} 38. Rc2 Ne4 39. c4 Rd3 40. h3 (40. g3 $11) 40... g3 ({Black should try} 40... gxh3 $17 41. gxh3 Rxh3) 41. Nxg3 $2 {[%mdl 8192]} (41. Re2 $11 Rd4 42. Re3) 41... Nxg3 $11 {KRN-KR} 42. Kh2 Ne4 43. Re2 Rd4 44. Re3 Rxc4 45. h4 Rd4 46. h5 Nd6 47. h6 $2 (47. Rh3) 47... Rh4+ $19 48. Kg3 Rxh6 (48... Nf5+ $142 49. Kf2 Nxe3 50. Ke2 Nxg2 51. Kd3 Rxh6 52. Kc4 Nf4 53. Kc3 Rh2 54. Kb3 Kc6 55. Kc4 Re2 56. Kc3 Kb5 57. Kb3 Rh2 58. Kc3 Ka4 59. Kc4 Rc2#) 49. Rd3 Rg6+ 50. Kf2 Kc7 51. g3 c4 (51... Ne4+ $142 52. Kf1 Rxg3 53. Rd1 Re3 54. Rc1 Kd6 55. Kg1 Kd5 56. Rd1+ Ke5 57. Rc1 Kd4 58. Rd1+ Rd3 59. Rc1 Rd2 60. Ra1 c4 61. Ra4 Nc5 62. Rb4 e5 63. Kh1 e4 64. Rb8 c3 65. Rd8+ Kc4 66. Rf8 Rd1+ 67. Kg2 c2 68. Rf1 Rxf1 69. Kxf1 c1=Q+ 70. Kf2 Nd3+ 71. Kg3 Qg5+ 72. Kh3 Nf4+ 73. Kh2 Qg2#) 52. Kg2 Rf6 53. Rd2 Kc6 54. Rd1 Kc5 (54... c3 $142 55. Kg1 Ne4 56. Rc1 Kd5 57. Kg2 Rf2+ 58. Kh3 c2 59. Kg4 Rd2 60. Kh3 Nf2+ 61. Kh4 Nd3 62. Rxc2 Rxc2 63. g4 e5 64. Kh5 e4 65. g5 e3 66. g6 Rg2 67. Kh6 e2 68. Kg7 e1=Q 69. Kf7 Qe6+ {[%mdl 64] Double Attack} 70. Kf8 Qxg6 71. Ke7 Qg8 72. Kf6 Qf8#) 55. Rc1 Ne4 {Black mates.} 56. Rxc4+ Kxc4 57. g4 Kd3 58. Kh3 Rg6 59. Kh4 Nf6 60. g5 Ne4 61. Kh5 Rxg5+ 62. Kh6 Ke3 63. Kh7 Kf4 64. Kh8 Kf5 65. Kh7 Rg6 66. Kh8 Kg5 {What a bad dream for White. Accuracy: White = 33%, Black = 44%.} 0-1